| 000 | 00645nam a2200205Ia 4500 | ||
|---|---|---|---|
| 005 | 20240530104632.0 | ||
| 008 | 140319s1987 xx 000 0 ara d | ||
| 040 |
_aGCL / _cGCL |
||
| 082 | 0 | 4 |
_a412.4 / _bم ا |
| 100 | 1 | _aمحمد داود التنير | |
| 245 | 1 | 0 |
_aالفاظ عامية فصيحة / _cمحمد داود التنير |
| 250 | _aالاولى | ||
| 260 |
_aالقاهرة : _bدار الشروق ، _c1987 |
||
| 300 |
_a266 ص، _b24 سم |
||
| 650 | 0 | 4 | _aاللغة العربية |
| 650 | 0 | 4 | _aالعامية |
| 650 | 0 | 4 | _aالعامية الفصحى |
| 942 |
_2ddc _cBK |
||
| 999 |
_c49380 _d49380 |
||